00309nam a2200121Ia 4500008004100000041000800041082001400049100002000063245004500083260003400128300001300162365001200175240624s9999 xx 000 0 und d aeng a338.5 STR aSTREEK WOLFGANG aBEYOND CONTINUITY INSTITUTIONAL CHANGE I c2005bOxford University Press a312 : p. cBPSb29